000 03101nam0a2200433 4500
001 RU\NLR\BIBL_A\022061066
005 20231206155530.0
021 _aRU
_bКН-П-23-061305
_9КН-П-23-6206
035 _a(NLR Aleph) 022061066
035 _a(RuMoRGB)012159447
090 _a12627786
_c12627786
100 _a20231027d2023 u y0rusy50 ca
101 0 _arus
102 _aRU
105 _aa|||j|||000zy
181 0 _ai
_baxxe
182 0 _an
200 1 _aАнализ больших данных
_eтекст-майнинг
_eучебно-методическое пособие
_eдля студентов 3-го курса
_fА. В. Макшанов, Н. В. Крупенина, Л. Н. Тындыкарь, Д. А. Егоров
_gФедеральное агентство морского и речного транспорта, Федеральное государственное бюджетное образовательное учреждение высшего образования Государственный университет морского и речного флота имени адмирала С. О. Макарова, Институт водного транспорта, Кафедра вычислительных систем и информатики
203 _aТекст
_bвизуальный
_cнепосредственный
210 _aСанкт-Петербург
_cИзд-во ГУМРФ имени адмирала С. О. Макарова
_d2023
215 _a115 с.
_cил., табл.
_d21
300 _aВ вып. дан. 1-й и 2-й авт.: Макшанов А. В., д-р техн. наук, проф., Крупенина Н. В., канд. техн. наук, доц.
320 _aБиблиогр.: с. 115 (15 назв.)
606 1 _aБольшие данные (киберн.)
_xАнализ
_jУчебно-методические пособия для высших учебных заведений
_2nlr_sh2
_3RU\NLR\AUTH\6601712805
606 1 _aКомпьютерная лингвистика
_jУчебно-методические пособия для высших учебных заведений
_2nlr_sh2
_3RU\NLR\AUTH\661553015
610 0 _aBig Data
610 0 _aмашинное обучение
610 0 _aморфологический анализ
675 _a004.65(075.8)
_v4
686 1 _aЗ973.233-01я73-1
686 1 _aШ112я7
701 1 _aМакшанов
_bА. В.
_gАндрей Владимирович
701 1 _aКрупенина
_bН. В.
_cканд. техн. наук
_gНаталия Викторовна
_3RU\NLR\AUTH\770188905
701 1 _aТындыкарь
_bЛ. Н.
_gЛюбовь Николаевна
701 1 _aЕгоров
_bД. А.
_cпреподаватель, информ. технологии
_gДенис Александрович
_3RU\NLR\AUTH\770261938
942 _cBOOK
980 _aNB